Vista normal
Vista MARC
Entrada Nombre corporativo
Número de registros utilizados en: 1
001 - NÚMERO DE CONTROL
- Campo de control: 4927
003 - IDENTIFICADOR DE NÚMERO DE CONTROL
- Campo de control: ES-MaCES
005 - FECHA Y HORA DE LA ULTIMA MODIFICACION
- Campo de control: 20120411111900.0
008 - ELEMENTOS DE DATOS DE LONGITUD FIJA
- Campo de longitud fija: 120411 | azznnaabn |n ana d
035 ## - NÚMERO DE CONTROL DEL SISTEMA
- Número de control del sistema: CES20120000448e
040 ## - FUENTE DE LA CATALOGACIÓN
- Agencia original de catalogación: ES-MaCES
- Idioma de catalogación: spa
- Agencia de transcripción: ES-MaCES
110 2# - ENCABEZAMIENTO--NOMBRE CORPORATIVO
- Nombre corporativo o de jurisdicción como elemento de entrada: Rooter
670 ## - FUENTE DE DATOS ENCONTRADOS
- Fuente de citación: CD del CES
- Información encontrada: : Rooter es una Consultora Estratégica y de Servicios Jurídicos especializada en tecnología, medios y telecomunicaciones. Tiene oficinas en Madrid, Sevilla y Santiago de Chile
901 ## - CES. DATOS SIRTEX
- ID Sirtex (N5N8): 0001800007592
- 005BIS Sirtex: 201204111119ALORITE

